<?xml version="1.0" encoding="UTF-8"?>
<collection xmlns="http://www.loc.gov/MARC21/slim">
 <record>
  <leader>02211pam a22002658a 4500</leader>
  <controlfield tag="001">00020731</controlfield>
  <controlfield tag="005">20180919150901.0</controlfield>
  <controlfield tag="008">110519s2005                  ||||||Viesd</controlfield>
  <datafield tag="041" ind1="0" ind2="#">
   <subfield code="a">Vie</subfield>
  </datafield>
  <datafield tag="082" ind1="1" ind2="4">
   <subfield code="a">537.071</subfield>
   <subfield code="b">Đ305H</subfield>
  </datafield>
  <datafield tag="100" ind1="0" ind2="#">
   <subfield code="a">Vũ, Thanh Khiết</subfield>
  </datafield>
  <datafield tag="245" ind1="0" ind2="0">
   <subfield code="a">Điện học</subfield>
   <subfield code="b">Giáo trình cao đẳng sư phạm</subfield>
   <subfield code="c">Vũ Thanh Khiết</subfield>
  </datafield>
  <datafield tag="260" ind1="#" ind2="#">
   <subfield code="a">H.</subfield>
   <subfield code="b">Đại học sư phạm</subfield>
   <subfield code="c">2005</subfield>
  </datafield>
  <datafield tag="300" ind1="#" ind2="#">
   <subfield code="a">266 tr.</subfield>
   <subfield code="b">Sơ đồ</subfield>
   <subfield code="c">24 cm.</subfield>
  </datafield>
  <datafield tag="500" ind1="#" ind2="#">
   <subfield code="a">Bộ giáo dục và đào tạo. Dự án đào tạo giáo viên trung học cơ sở</subfield>
  </datafield>
  <datafield tag="650" ind1="#" ind2="4">
   <subfield code="a">Dòng điện</subfield>
  </datafield>
  <datafield tag="650" ind1="#" ind2="4">
   <subfield code="a">Điện học</subfield>
  </datafield>
  <datafield tag="653" ind1="#" ind2="#">
   <subfield code="a">Giáo trình</subfield>
  </datafield>
  <datafield tag="653" ind1="#" ind2="#">
   <subfield code="a">Tĩnh điện</subfield>
  </datafield>
  <datafield tag="852" ind1="#" ind2="#">
   <subfield code="b">Kho giáo trình</subfield>
   <subfield code="j">KGT.0005657, KGT.0005658, KGT.0005659, KGT.0005660, KGT.0005661, KGT.0005662, KGT.0005663, KGT.0005664, KGT.0005665, KGT.0005666, KGT.0005667, KGT.0005668, KGT.0005669, KGT.0005670, KGT.0005671, KGT.0005672, KGT.0005673, KGT.0005674, KGT.0005675, KGT.0005676, KGT.0005677, KGT.0005678, KGT.0005679, KGT.0005680, KGT.0005681, KGT.0005682, KGT.0005683, KGT.0005684, KGT.0005685, KGT.0005686, KGT.0005687, KGT.0005688, KGT.0005689, KGT.0005690, KGT.0005691, KGT.0005692, KGT.0005693, KGT.0005694, KGT.0005695, KGT.0005696, KGT.0005697, KGT.0005698, KGT.0005699, KGT.0005700, KGT.0005701, KGT.0032565, KGT.0032643</subfield>
  </datafield>
  <datafield tag="852" ind1="#" ind2="#">
   <subfield code="b">Kho mượn</subfield>
   <subfield code="j">KGT.0005657</subfield>
  </datafield>
  <datafield tag="852" ind1="#" ind2="#">
   <subfield code="b">Kho đọc</subfield>
   <subfield code="j">KD.0006737</subfield>
  </datafield>
  <datafield tag="852" ind1="#" ind2="#">
   <subfield code="j">KGT.0005660</subfield>
   <subfield code="j">KGT.0005662</subfield>
   <subfield code="j">KGT.0005666</subfield>
   <subfield code="j">KGT.0005667</subfield>
   <subfield code="j">KGT.0005668</subfield>
   <subfield code="j">KGT.0005670</subfield>
   <subfield code="j">KGT.0005671</subfield>
   <subfield code="j">KGT.0005673</subfield>
   <subfield code="j">KGT.0005674</subfield>
   <subfield code="j">KGT.0005676</subfield>
   <subfield code="j">KGT.0005677</subfield>
   <subfield code="j">KGT.0005679</subfield>
   <subfield code="j">KGT.0005680</subfield>
   <subfield code="j">KGT.0005682</subfield>
   <subfield code="j">KGT.0005683</subfield>
   <subfield code="j">KGT.0005685</subfield>
   <subfield code="j">KGT.0005686</subfield>
   <subfield code="j">KGT.0005688</subfield>
   <subfield code="j">KGT.0005689</subfield>
   <subfield code="j">KGT.0005691</subfield>
   <subfield code="j">KGT.0005692</subfield>
   <subfield code="j">KGT.0005694</subfield>
   <subfield code="j">KGT.0005695</subfield>
   <subfield code="j">KGT.0005697</subfield>
   <subfield code="j">KGT.0005698</subfield>
   <subfield code="j">KGT.0005700</subfield>
   <subfield code="j">KGT.0005701</subfield>
   <subfield code="j">KGT.0005664</subfield>
   <subfield code="j">KGT.0005665</subfield>
   <subfield code="j">KGT.0005657</subfield>
   <subfield code="j">KGT.0005658</subfield>
   <subfield code="j">KGT.0032565</subfield>
   <subfield code="j">KGT.0032643</subfield>
   <subfield code="j">KGT.0049001</subfield>
   <subfield code="j">KD.0006737</subfield>
   <subfield code="j">KGT.0005659</subfield>
   <subfield code="j">KGT.0005661</subfield>
   <subfield code="j">KGT.0005663</subfield>
   <subfield code="j">KGT.0005669</subfield>
   <subfield code="j">KGT.0005672</subfield>
   <subfield code="j">KGT.0005675</subfield>
   <subfield code="j">KGT.0005678</subfield>
   <subfield code="j">KGT.0005681</subfield>
   <subfield code="j">KGT.0005684</subfield>
   <subfield code="j">KGT.0005687</subfield>
   <subfield code="j">KGT.0005690</subfield>
   <subfield code="j">KGT.0005693</subfield>
   <subfield code="j">KGT.0005696</subfield>
   <subfield code="j">KGT.0005699</subfield>
   <subfield code="j">KGT.0055668</subfield>
  </datafield>
  <datafield tag="910" ind1="0" ind2="#">
   <subfield code="a">kìm</subfield>
   <subfield code="e">dtchanh</subfield>
   <subfield code="f">19/09/2018</subfield>
   <subfield code="d">19/05/2011</subfield>
  </datafield>
  <datafield tag="980" ind1="#" ind2="#">
   <subfield code="a">Trung tâm Học liệu Lê Vũ Hùng, Trường Đại học Đồng Tháp</subfield>
  </datafield>
 </record>
</collection>
